=LDR 00000nam 2200000 4500 =001 INLIS000000000047153 =005 20150822091720.0 =006 =007 =008 =035 ##$$0010-081500000000067 =082 ##$$a sa028.5 =090 ##$$a 028.5 sho m.3 =100 ##$$a nadiah =245 ##$$a my scholarsip australia =260 ##$$a cilik cilik punya karya =300 ##$$a hln.118 =850 ##$$a NPBMAT =990 ##$$a 2090101518/BPAP-NTB/2015